Normal view
MARC view
- إعداد ايمان أحمد اللحام ؛ إشراف محمود إبراهيم
Entry Personal Name
001 - CONTROL NUMBER
- control field: 41277
003 - CONTROL NUMBER IDENTIFIER
- control field: JO-AjAnu
005 - DATE AND TIME OF LATEST TRANSACTION
- control field: 20230606080846.0
008 - FIXED-LENGTH DATA ELEMENTS
- fixed length control field: 230606|| aca||aabn | a|a d
040 ## - CATALOGING SOURCE
- Original cataloging agency: JO-AjAnu
- Transcribing agency: JO-AjAnu
100 ## - HEADING--PERSONAL NAME
- Personal name: إعداد ايمان أحمد اللحام ؛ إشراف محمود إبراهيم
670 ## - SOURCE DATA FOUND
- Source citation: Work cat.: (JO-AjAnu)21154: إعداد ايمان أحمد اللحام ؛ إشراف محمود إبراهيم, author, أنماط النشر العراقي في القرن الثالث الهجري